<?xml version="1.0" encoding="UTF-8"?>
<record
    xmlns:xsi="http://www.w3.org/2001/XMLSchema-instance"
    xsi:schemaLocation="http://www.loc.gov/MARC21/slim http://www.loc.gov/standards/marcxml/schema/MARC21slim.xsd"
    xmlns="http://www.loc.gov/MARC21/slim">

  <leader>01867    a2200217   4500</leader>
  <datafield tag="999" ind1=" " ind2=" ">
    <subfield code="c">8035</subfield>
    <subfield code="d">8035</subfield>
  </datafield>
  <controlfield tag="003">GBCCL</controlfield>
  <controlfield tag="005">20241126110642.0</controlfield>
  <controlfield tag="008">190116b           ||||| |||| 00| 0 eng d</controlfield>
  <datafield tag="020" ind1=" " ind2=" ">
    <subfield code="a">9788193700884</subfield>
  </datafield>
  <datafield tag="020" ind1=" " ind2=" ">
    <subfield code="a">9780830839636</subfield>
  </datafield>
  <datafield tag="040" ind1=" " ind2=" ">
    <subfield code="c">gbc</subfield>
  </datafield>
  <datafield tag="082" ind1=" " ind2=" ">
    <subfield code="a">220.601</subfield>
    <subfield code="b">BIB</subfield>
  </datafield>
  <datafield tag="245" ind1=" " ind2=" ">
    <subfield code="a">Biblical hermeneutics : </subfield>
    <subfield code="b">five views /</subfield>
    <subfield code="c">Stanley E Porter; Beth M Stovell; Craig L Blomberg; et al</subfield>
  </datafield>
  <datafield tag="260" ind1=" " ind2=" ">
    <subfield code="a">Bangalore :</subfield>
    <subfield code="b">Omega book world,</subfield>
    <subfield code="c">2018</subfield>
  </datafield>
  <datafield tag="300" ind1=" " ind2=" ">
    <subfield code="a">224 p. ; 23 cm.</subfield>
  </datafield>
  <datafield tag="440" ind1=" " ind2=" ">
    <subfield code="a">Spectrum multiview books</subfield>
    <subfield code="9">14027</subfield>
  </datafield>
  <datafield tag="500" ind1=" " ind2=" ">
    <subfield code="a">Five experts in biblical hermeneutics gather here to state and defend their approach to the discipline. Contributors include: Craig Blomberg with the historical-critical/grammatical approach, Richard Gaffin with the redemptive-historical approach, Scott Spencer with the literary/postmodern approach, Robert Wall with the canonical approach and Merold Westphal with the philosophical/theological approach. --from publisher descriptio</subfield>
  </datafield>
  <datafield tag="505" ind1=" " ind2=" ">
    <subfield code="a">Introduction: Trajectories in biblical hermeneutics / Stanley E. Porter and Beth M. Stovell --
Part 1. Five views of biblical hermeneutics. The historical-critical/grammatical view / Craig L. Blomberg --
The literary/postmodern view / F. Scott Spencer --
The philosophical/theological view / Merold Westphal --
The redemptive-historical view / Richard B. Gaffin Jr. --
The canonical view / Robert W. Wall --
Part 2. Responses. The historical-critical/grammatical response / Craig L. Blomberg --
The literary/postmodern response / F. Scott Spencer --
The philosophical/theological response / Merold Westphal --
The redemptive-historical response / Richard B. Gaffin Jr. --
The canonical response / Robert W. Wall --
Interpreting together : synthesizing five views of biblical hermeneutics / Stanley E. Porter and Beth M. Stovell.</subfield>
  </datafield>
  <datafield tag="650" ind1=" " ind2=" ">
    <subfield code="a">Hermeneutics</subfield>
    <subfield code="9">1913</subfield>
  </datafield>
  <datafield tag="942" ind1=" " ind2=" ">
    <subfield code="2">ddc</subfield>
    <subfield code="c">BK</subfield>
    <subfield code="0">17</subfield>
  </datafield>
  <datafield tag="952" ind1=" " ind2=" ">
    <subfield code="0">0</subfield>
    <subfield code="1">0</subfield>
    <subfield code="2">ddc</subfield>
    <subfield code="4">0</subfield>
    <subfield code="7">0</subfield>
    <subfield code="a">GBC</subfield>
    <subfield code="b">GBC</subfield>
    <subfield code="c">BS</subfield>
    <subfield code="d">2019-01-30</subfield>
    <subfield code="e">11</subfield>
    <subfield code="g">350.00</subfield>
    <subfield code="l">7</subfield>
    <subfield code="m">1</subfield>
    <subfield code="o">220.601 BIB</subfield>
    <subfield code="p">014371</subfield>
    <subfield code="r">2025-11-25 11:04:04</subfield>
    <subfield code="s">2025-11-19</subfield>
    <subfield code="t">c.2</subfield>
    <subfield code="v">350.00</subfield>
    <subfield code="w">2019-01-30</subfield>
    <subfield code="y">BK</subfield>
  </datafield>
  <datafield tag="952" ind1=" " ind2=" ">
    <subfield code="0">0</subfield>
    <subfield code="1">0</subfield>
    <subfield code="2">ddc</subfield>
    <subfield code="4">0</subfield>
    <subfield code="7">0</subfield>
    <subfield code="a">GBC</subfield>
    <subfield code="b">GBC</subfield>
    <subfield code="c">BS</subfield>
    <subfield code="d">2019-01-30</subfield>
    <subfield code="e">11</subfield>
    <subfield code="g">350.00</subfield>
    <subfield code="l">7</subfield>
    <subfield code="m">1</subfield>
    <subfield code="o">220.601 BIB</subfield>
    <subfield code="p">014370</subfield>
    <subfield code="r">2025-11-25 13:14:11</subfield>
    <subfield code="s">2025-11-17</subfield>
    <subfield code="t">c.1</subfield>
    <subfield code="v">350.00</subfield>
    <subfield code="w">2019-01-30</subfield>
    <subfield code="y">BK</subfield>
  </datafield>
  <datafield tag="952" ind1=" " ind2=" ">
    <subfield code="0">0</subfield>
    <subfield code="1">0</subfield>
    <subfield code="2">ddc</subfield>
    <subfield code="4">0</subfield>
    <subfield code="7">0</subfield>
    <subfield code="a">GBC</subfield>
    <subfield code="b">GBC</subfield>
    <subfield code="c">BS</subfield>
    <subfield code="d">2019-01-30</subfield>
    <subfield code="e">11</subfield>
    <subfield code="g">350.00</subfield>
    <subfield code="l">8</subfield>
    <subfield code="o">220.601 BIB</subfield>
    <subfield code="p">014372</subfield>
    <subfield code="r">2026-02-16 14:19:14</subfield>
    <subfield code="s">2026-02-13</subfield>
    <subfield code="t">c.3</subfield>
    <subfield code="v">350.00</subfield>
    <subfield code="w">2019-01-30</subfield>
    <subfield code="y">BK</subfield>
  </datafield>
  <datafield tag="952" ind1=" " ind2=" ">
    <subfield code="0">0</subfield>
    <subfield code="1">0</subfield>
    <subfield code="2">ddc</subfield>
    <subfield code="4">0</subfield>
    <subfield code="7">0</subfield>
    <subfield code="a">GBC</subfield>
    <subfield code="b">GBC</subfield>
    <subfield code="c">BS</subfield>
    <subfield code="d">2024-02-10</subfield>
    <subfield code="l">3</subfield>
    <subfield code="m">1</subfield>
    <subfield code="o">220.601 BIB</subfield>
    <subfield code="p">016494</subfield>
    <subfield code="r">2025-11-25 11:04:00</subfield>
    <subfield code="s">2025-11-18</subfield>
    <subfield code="t">c.4</subfield>
    <subfield code="w">2024-02-10</subfield>
    <subfield code="y">BK</subfield>
  </datafield>
  <datafield tag="952" ind1=" " ind2=" ">
    <subfield code="0">0</subfield>
    <subfield code="1">0</subfield>
    <subfield code="2">ddc</subfield>
    <subfield code="4">0</subfield>
    <subfield code="7">0</subfield>
    <subfield code="a">GBC</subfield>
    <subfield code="b">GBC</subfield>
    <subfield code="c">BS</subfield>
    <subfield code="d">2024-02-10</subfield>
    <subfield code="l">2</subfield>
    <subfield code="m">2</subfield>
    <subfield code="o">220.601 BIB</subfield>
    <subfield code="p">016495</subfield>
    <subfield code="r">2025-11-25 11:02:31</subfield>
    <subfield code="s">2025-11-17</subfield>
    <subfield code="t">c.5</subfield>
    <subfield code="w">2024-02-10</subfield>
    <subfield code="y">BK</subfield>
  </datafield>
  <datafield tag="952" ind1=" " ind2=" ">
    <subfield code="0">0</subfield>
    <subfield code="1">0</subfield>
    <subfield code="2">ddc</subfield>
    <subfield code="4">0</subfield>
    <subfield code="7">0</subfield>
    <subfield code="a">GBC</subfield>
    <subfield code="b">GBC</subfield>
    <subfield code="c">BS</subfield>
    <subfield code="d">2024-02-10</subfield>
    <subfield code="l">5</subfield>
    <subfield code="o">220.601 BIB</subfield>
    <subfield code="p">016496</subfield>
    <subfield code="r">2025-11-18 14:11:42</subfield>
    <subfield code="s">2025-11-11</subfield>
    <subfield code="t">c.6</subfield>
    <subfield code="w">2024-02-10</subfield>
    <subfield code="y">BK</subfield>
  </datafield>
</record>
